| 000 -LEADER |
| fixed length control field |
00650nam a2200217Ia 4500 |
| 020 ## - INTERNATIONAL STANDARD BOOK NUMBER |
| ISBN |
3823611135 |
| 040 ## - CATALOGING SOURCE |
| Transcribing agency |
BOH |
| 041 1# - LANGUAGE CODE |
| Language code of original and/or intermediate translations of text |
ger |
| 082 ## - DEWEY DECIMAL CLASSIFICATION NUMBER |
| Classification number |
632 MAR 1995 A053 Co. |
| 100 1# - MAIN ENTRY--AUTHOR NAME |
| Personal name |
Stoll, Gaby |
| 245 10 - TITLE STATEMENT |
| Title |
Natural crop protection : |
| Remainder of title |
based on local farm resources in the tropics and subtropics / |
| 246 14 - VARYING FORM OF TITLE |
| Title proper/short title |
Natural crop protection in the tropics |
| 260 ## - PUBLICATION, DISTRIBUTION, ETC. (IMPRINT) |
| Place of publication |
Weikersheim, Germany : |
| Name of publisher |
Margraf Verlag, |
| Year of publication |
c1995 |
| 300 ## - PHYSICAL DESCRIPTION |
| Number of Pages |
188 p. : |
| Other physical details |
ill. ; |
| Dimensions |
21 cm |
| 490 1# - SERIES STATEMENT |
| Series statement |
Tropical agroecology ; |
| 500 ## - GENERAL NOTE |
| General note |
At head of title: AGRECOL |
| 650 #0 - SUBJECT ADDED ENTRY--TOPICAL TERM |
| Topical Term |
Plants, Protection of |
| 650 #0 - SUBJECT ADDED ENTRY--TOPICAL TERM |
| Topical Term |
Crops |
| 710 2# - ADDED ENTRY--CORPORATE NAME |
| Corporate name or jurisdiction name as entry element |
AGRECOL (Organization) |
| 942 ## - ADDED ENTRY ELEMENTS (KOHA) |
| Koha item type |
សៀវភៅភាសាអង់គ្លេស |
| 952 ## - LOCATION AND ITEM INFORMATION (KOHA) |
| Withdrawn status [LOCAL, KOHA] |
0 |